[Event "Lichtenberger Sommer 2017"]
[Site "Berlin"]
[Date "2017.08.20"]
[Round "2.1"]
[White "Stern, René"]
[Black "Poseck, Steffen"]
[Result "1-0"]
[WhiteElo "2499"]
[BlackElo "2026"]
[PlyCount "67"]
[EventDate "2017.??.??"]
[WhiteTeam "SK König Tegel"]
[BlackTeam "BSV 63 Chemie Weißensee"]

1. Nf3 Nf6 2. c4 g6 3. Nc3 d5 4. e3 Bg7 5. Qb3 e6 6. Qa3 Bf8 7. Qa4+ Bd7 8. Qb3
dxc4 9. Bxc4 Nc6 10. Be2 Bg7 11. d4 O-O 12. O-O Na5 13. Qa3 Nc6 14. e4 Bc8 15.
Rd1 b6 16. h3 Bb7 17. Bg5 h6 18. Bh4 g5 19. Bg3 Qe7 20. Qa4 a6 21. Rac1 b5 22.
Qc2 Rfd8 23. a3 Rac8 24. e5 Nd7 25. Ne4 Ncb8 26. h4 Bxe4 27. Qxe4 Nb6 28. hxg5
hxg5 29. Qg4 f6 30. exf6 Bxf6 31. Bh4 Rd5 32. Rc5 Rcd8 33. Bxg5 Bxg5 34. Nxg5
1-0

[Event "Lichtenberger Sommer 2017"]
[Site "Berlin"]
[Date "2017.08.20"]
[Round "2.2"]
[White "Teichert, Felix"]
[Black "Colpe, Malte"]
[Result "0-1"]
[WhiteElo "1973"]
[BlackElo "2424"]
[PlyCount "60"]
[EventDate "2017.??.??"]
[WhiteTeam "Leegebrucher SF"]
[BlackTeam "Hamburger SK"]

1. b3 d5 2. Bb2 c5 3. e3 Nc6 4. Nf3 f6 5. d4 cxd4 6. Nxd4 e5 7. Ne2 Be6 8. Ng3
Bc5 9. Bd3 Qd7 10. Qh5+ Bf7 11. Bf5 Qd6 12. Qg4 g6 13. Bd3 h5 14. Qd1 h4 15.
Ne2 a6 16. c3 Nge7 17. Nd2 Rd8 18. Qc1 Qe6 19. h3 Ba7 20. e4 f5 21. exf5 gxf5
22. Nf1 Rg8 23. Rg1 f4 24. Nh2 Bh5 25. Qd2 Qd6 26. Qc1 Qc5 27. Nd4 exd4 28.
Qxf4 dxc3 29. Bc1 Qd4 30. Qxd4 Bxd4 0-1

[Event "Lichtenberger Sommer 2017"]
[Site "Berlin"]
[Date "2017.08.20"]
[Round "2.3"]
[White "Ahmadinia, Ebrahim"]
[Black "Meyer-Dunker, Paul"]
[Result "1-0"]
[WhiteElo "2398"]
[BlackElo "1965"]
[PlyCount "45"]
[EventDate "2017.??.??"]
[WhiteTeam "SF 1903 Berlin"]
[BlackTeam "SC Friesen Lichtenberg"]

1. e4 e5 2. Nf3 Nc6 3. Bc4 Bc5 4. c3 Nf6 5. d3 d6 6. Bb3 a6 7. h3 O-O 8. Bg5 h6
9. Bh4 Ba7 10. Nbd2 Be6 11. Bc2 Qe7 12. Nh2 g5 13. Bg3 Rfd8 14. Qe2 b5 15. Ndf1
Bb6 16. Ne3 Qd7 17. h4 g4 18. h5 Nxh5 19. Nhxg4 Nxg3 20. Nf6+ Kg7 21. Qf3 Qc8
22. Qxg3+ Kxf6 23. Qh4+ 1-0

[Event "Lichtenberger Sommer 2017"]
[Site "Berlin"]
[Date "2017.08.20"]
[Round "2.4"]
[White "Von Herman, Ulf"]
[Black "Seitz, Patrick"]
[Result "1/2-1/2"]
[WhiteElo "2354"]
[BlackElo "1956"]
[PlyCount "74"]
[EventDate "2017.??.??"]
[WhiteTeam "SK König Tegel"]
[BlackTeam "SR Heuberg-Gosheim"]

1. c4 c5 2. Nf3 Nf6 3. Nc3 Nc6 4. d4 cxd4 5. Nxd4 e6 6. g3 Bc5 7. Nb3 Bb4 8.
Bg2 O-O 9. O-O b6 10. Bf4 Ba6 11. Nb5 e5 12. Bg5 Be7 13. Nd2 Rc8 14. Bxf6 Bxf6
15. Nd6 Rc7 16. Qa4 Nb8 17. Rac1 Be7 18. Nf5 g6 19. Nxe7+ Qxe7 20. Rc3 d6 21.
Rfc1 Bb7 22. Nf1 Nc6 23. Ne3 Nd4 24. Qd1 f5 25. Nd5 Bxd5 26. Bxd5+ Ne6 27. Rd3
Rd8 28. Rc2 Kg7 29. Bxe6 Qxe6 30. b3 Rf7 31. Rcd2 Rf6 32. Rd5 f4 33. Qc2 fxg3
34. hxg3 Qh3 35. Qe4 Rxf2 36. Kxf2 Rf8+ 37. Qf3 Qh2+ 1/2-1/2

[Event "Lichtenberger Sommer 2017"]
[Site "Berlin"]
[Date "2017.08.20"]
[Round "2.5"]
[White "Tscheuschner, Georg"]
[Black "Radovanovic, Jovica"]
[Result "0-1"]
[WhiteElo "1992"]
[BlackElo "2357"]
[PlyCount "60"]
[EventDate "2017.??.??"]
[WhiteTeam "SV Mattnetz Berlin"]
[BlackTeam "vereinslos"]

1. c4 Nf6 2. Nc3 g6 3. g3 Bg7 4. Bg2 O-O 5. Nf3 d6 6. O-O e5 7. Rb1 a5 8. a3 c6
9. d3 Re8 10. e4 Bg4 11. h3 Bxf3 12. Bxf3 Nbd7 13. Be3 Nc5 14. b4 axb4 15. axb4
Ne6 16. Bg2 Nd4 17. Ne2 Nd7 18. f4 Nxe2+ 19. Qxe2 exf4 20. Bxf4 Ra3 21. Qf3 Re6
22. h4 Bd4+ 23. Kh1 Rf6 24. Qe2 Ne5 25. Bg5 Rxf1+ 26. Qxf1 Qd7 27. Bf6 Qg4 28.
Qc1 Rxd3 29. Bf1 Qf3+ 30. Kh2 Qxg3+ 0-1

[Event "Lichtenberger Sommer 2017"]
[Site "Berlin"]
[Date "2017.08.20"]
[Round "2.6"]
[White "Rietze, Clemens"]
[Black "Daoud, Marcel"]
[Result "1-0"]
[WhiteElo "2343"]
[BlackElo "1928"]
[PlyCount "121"]
[EventDate "2017.??.??"]
[WhiteTeam "SC Rotation Pankow"]
[BlackTeam "SK Freising"]

1. d4 Nf6 2. c4 e6 3. Nc3 Bb4 4. e3 b6 5. Nge2 Ba6 6. a3 Bxc3+ 7. Nxc3 d5 8. b3
O-O 9. Be2 dxc4 10. bxc4 Nc6 11. a4 Na5 12. Nb5 c6 13. Na3 c5 14. Nb5 Bb7 15.
O-O a6 16. Na3 Ne4 17. Qd3 Nd6 18. Bb2 Rc8 19. d5 exd5 20. cxd5 c4 21. Qc3 f6
22. Bf3 Nb3 23. Ra2 Nc5 24. Nc2 Nde4 25. Qb4 a5 26. Qa3 Qxd5 27. Rd1 Qf7 28.
Nd4 Nd3 29. Ba1 Nb4 30. Re2 Rfd8 31. Rc1 Bd5 32. Bg4 Rc7 33. f3 Nc5 34. Nb5 Re7
35. Rd1 f5 36. Bh3 Nb3 37. Bc3 Red7 38. Bxb4 axb4 39. Qxb4 g6 40. Rde1 Be6 41.
e4 Nc5 42. exf5 gxf5 43. Qb1 Rd3 44. Re5 Qf6 45. f4 Ne4 46. Nc7 Bd7 47. Nd5 Qe6
48. Qxb6 Qxb6+ 49. Nxb6 c3 50. Nxd7 c2 51. Nf6+ Nxf6 52. Bxf5 Rc3 53. Bxc2 Rxc2
54. R1e2 Rc1+ 55. Re1 Rc2 56. Rg5+ Kf7 57. a5 Ra2 58. Rb1 Rd5 59. Rb7+ Ke6 60.
Rb6+ Kf7 61. Rxf6+ 1-0

[Event "Lichtenberger Sommer 2017"]
[Site "Berlin"]
[Date "2017.08.20"]
[Round "2.7"]
[White "Püschel, Werner"]
[Black "Heinig, Wolfram"]
[Result "0-1"]
[WhiteElo "1998"]
[BlackElo "2328"]
[PlyCount "66"]
[EventDate "2017.??.??"]
[WhiteTeam "Lasker Steglitz-Wilmersdorf"]
[BlackTeam "SK Zehlendorf"]

1. e4 c6 2. d4 d5 3. exd5 cxd5 4. Bd3 Nc6 5. c3 Nf6 6. h3 g6 7. Nf3 Bf5 8. Bxf5
gxf5 9. Bf4 e6 10. Bg5 Rg8 11. Qb3 Rb8 12. Nbd2 Be7 13. Bxf6 Bxf6 14. g3 h5 15.
O-O-O b5 16. a3 a5 17. Rde1 Qd6 18. Re2 Kf8 19. Rhe1 f4 20. gxf4 Qxf4 21. Qc2
Rc8 22. Kd1 Nxd4 23. Nxd4 Bxd4 24. Qd3 Bf6 25. Qxb5 Rb8 26. Qxa5 Rxb2 27. Kc1
Rb8 28. Kd1 Rg2 29. a4 Kg7 30. f3 Rg5 31. Kc2 d4 32. Qa6 dxc3 33. Nc4 Qf5+ 0-1

[Event "Lichtenberger Sommer 2017"]
[Site "Berlin"]
[Date "2017.08.20"]
[Round "2.8"]
[White "Florstedt, Johannes"]
[Black "Kötz, Andreas"]
[Result "1-0"]
[WhiteElo "2232"]
[BlackElo "1997"]
[PlyCount "89"]
[EventDate "2017.??.??"]
[WhiteTeam "SF 1903 Berlin"]
[BlackTeam "SC Zitadelle Spandau"]

1. e4 c5 2. Nf3 Nc6 3. d4 cxd4 4. Nxd4 Nf6 5. Nc3 e5 6. Ndb5 d6 7. Bg5 a6 8.
Na3 b5 9. Bxf6 gxf6 10. Nd5 Bg7 11. Bd3 Ne7 12. Nxe7 Qxe7 13. O-O O-O 14. c4 f5
15. Qh5 d5 16. exd5 e4 17. Rae1 Bxb2 18. Nc2 Be5 19. Be2 Rb8 20. cxb5 axb5 21.
Kh1 Qd6 22. f3 Bc3 23. Rd1 Qg6 24. fxe4 Qxh5 25. Bxh5 fxe4 26. Nd4 f5 27. Nc6
Rb7 28. g3 Kg7 29. Kg2 Rd7 30. Be2 Rb7 31. Kf2 Bd7 32. Ke3 Ra8 33. Rc1 b4 34.
Bc4 Bf6 35. Kf4 Kg6 36. h4 Re8 37. Ke3 Bg7 38. Rb1 Bc3 39. Rbd1 Bf6 40. Rf2 Rf8
41. Bb3 Rb6 42. Rc2 Bc3 43. Rxc3 bxc3 44. Ne5+ Kg7 45. Nxd7 1-0

[Event "Lichtenberger Sommer 2017"]
[Site "Berlin"]
[Date "2017.08.20"]
[Round "2.9"]
[White "Schäfer, Heiko"]
[Black "Kalka, Arkadius Georg"]
[Result "0-1"]
[WhiteElo "1993"]
[BlackElo "2323"]
[PlyCount "60"]
[EventDate "2017.??.??"]
[WhiteTeam "Potsdamer SV"]
[BlackTeam "SC Hansa Dortmund"]

1. c4 Nf6 2. Nc3 g6 3. Nf3 Bg7 4. g3 c5 5. Bg2 Nc6 6. O-O d6 7. d4 cxd4 8. Nxd4
Bd7 9. b3 h5 10. Bb2 h4 11. Nd5 hxg3 12. hxg3 Ne5 13. Nxf6+ Bxf6 14. Bxb7 Rb8
15. Bd5 e6 16. Bg2 Nxc4 17. Nc6 Nxb2 18. Qxd6 Rb6 19. Rac1 Rh5 20. Qf4 Bxc6 21.
Bxc6+ Kf8 22. Rc2 Kg7 23. Rfc1 Ra5 24. Rd2 Qc8 25. b4 Rxa2 26. b5 Rxb5 27. Rd7
Rf5 28. Qd6 Rd5 29. Qxe6 Rxd7 30. Qxa2 Rd6 0-1

[Event "Lichtenberger Sommer 2017"]
[Site "Berlin"]
[Date "2017.08.20"]
[Round "2.10"]
[White "Förster, Jonas"]
[Black "Jaeger, Andre"]
[Result "1/2-1/2"]
[WhiteElo "2330"]
[BlackElo "1994"]
[PlyCount "101"]
[EventDate "2017.??.??"]
[WhiteTeam "SV Empor Berlin"]
[BlackTeam "SC Rochade (Berlin)"]

1. d4 Nf6 2. c4 d6 3. Nc3 Bf5 4. Nf3 g6 5. Nh4 Bd7 6. g3 e5 7. d5 a5 8. Bg2 Bg7
9. O-O O-O 10. Qc2 Na6 11. a3 Nc5 12. Be3 a4 13. Bxc5 dxc5 14. d6 cxd6 15. Rfd1
Qb6 16. Rd2 Rfd8 17. Rad1 Bf8 18. Nd5 Nxd5 19. Bxd5 Kg7 20. Ng2 Be7 21. Qc3 f5
22. e4 Bf6 23. Qc2 Ra6 24. exf5 gxf5 25. g4 Qb3 26. Qxb3 axb3 27. Bxb7 Rb6 28.
Bd5 fxg4 29. Ne3 Bg5 30. Rd3 Bxe3 31. Rxe3 Bf5 32. Kg2 h5 33. Be4 Kf6 34. Bxf5
Kxf5 35. Rdd3 Rdb8 36. Kg3 h4+ 37. Kg2 Kf4 38. f3 Rg8 39. fxg4 Rxg4+ 40. Kf2
Kg5 41. Rxb3 Rxb3 42. Rxb3 Rxc4 43. Ke3 d5 44. Rd3 Re4+ 45. Kd2 d4 46. a4 c4
47. Ra3 Rg4 48. a5 Rg2+ 49. Kc1 Rg1+ 50. Kc2 Rg2+ 51. Kc1 1/2-1/2

[Event "Lichtenberger Sommer 2017"]
[Site "Berlin"]
[Date "2017.08.20"]
[Round "2.11"]
[White "Kapr, Klaus"]
[Black "Schneider, Christian"]
[Result "0-1"]
[WhiteElo "2007"]
[BlackElo "2215"]
[PlyCount "52"]
[EventDate "2017.??.??"]
[WhiteTeam "SC Friesen Lichtenberg"]
[BlackTeam "SG Stadtilm"]

1. e4 c5 2. Nf3 d6 3. d4 cxd4 4. Nxd4 Nf6 5. Nc3 a6 6. Be2 e5 7. Nb3 Be7 8. O-O
O-O 9. f4 Nbd7 10. Be3 exf4 11. Rxf4 Ne5 12. a4 Be6 13. Nd4 Rc8 14. Nf5 Bxf5
15. Rxf5 Qd7 16. Rf4 Qe6 17. Nd5 Nxd5 18. exd5 Qg6 19. Rb4 Rxc2 20. Rxb7 Qe4
21. Kf1 Nc4 22. Bc1 Rxc1 23. Qxc1 Ne3+ 24. Kf2 Qxg2+ 25. Kxe3 Bg5+ 26. Kd3
Qxd5+ 0-1

[Event "Lichtenberger Sommer 2017"]
[Site "Berlin"]
[Date "2017.08.20"]
[Round "2.12"]
[White "Polatel, Ali"]
[Black "Buttkus, Andre"]
[Result "1-0"]
[WhiteElo "2221"]
[BlackElo "2031"]
[PlyCount "111"]
[EventDate "2017.??.??"]
[WhiteTeam "SC Zugzwang 95 (Berlin)"]
[BlackTeam "SK Tempelhof 1931"]

1. c4 c5 2. g3 g6 3. Bg2 Bg7 4. Nc3 Nc6 5. Nf3 e5 6. O-O Nge7 7. Ne1 d6 8. Nc2
O-O 9. Ne3 Rb8 10. a3 a5 11. Rb1 f5 12. d3 h6 13. Ned5 Nxd5 14. Nxd5 Bd7 15. b4
axb4 16. axb4 Nxb4 17. Nxb4 cxb4 18. Rxb4 Bc6 19. Qb3 Kh7 20. Bd2 Rc8 21. Rb6
Qe7 22. Bd5 Rc7 23. Qa3 Bxd5 24. cxd5 Rd7 25. Rfb1 Rf7 26. R1b5 Bf8 27. Qa8 Bg7
28. Qa3 Bf8 29. Kg2 Bg7 30. Bb4 Bf8 31. Bd2 Bg7 32. Qb3 Bf8 33. Ra5 Bg7 34. Ra8
Rf8 35. Ra7 Rf7 36. Qb5 Bf8 37. Ra8 Rd8 38. Ra7 Rd7 39. Bb4 Rg7 40. Ra8 Rd8 41.
Ra7 Rd7 42. Ba3 Rf7 43. Bxd6 Qxd6 44. Rxd6 Bxd6 45. Ra8 Kg7 46. Re8 Rfe7 47. e4
fxe4 48. dxe4 Rf7 49. h4 Rc7 50. Qb2 Rc4 51. Re6 Bc5 52. Qxe5+ Kh7 53. Re8
Rxf2+ 54. Kh3 Bf8 55. d6 Rcc2 56. Rxf8 1-0

[Event "Lichtenberger Sommer 2017"]
[Site "Berlin"]
[Date "2017.08.20"]
[Round "2.13"]
[White "Petersen, Soren Boeck"]
[Black "Shapiro, Yosip"]
[Result "1-0"]
[WhiteElo "2226"]
[BlackElo "2098"]
[PlyCount "81"]
[EventDate "2017.??.??"]
[WhiteTeam "Damhus Skakklub"]
[BlackTeam "SV Berolina Mitte"]

1. e4 c6 2. d4 d5 3. Nc3 dxe4 4. Nxe4 Bf5 5. Ng3 Bg6 6. h4 h6 7. h5 Bh7 8. Nf3
e6 9. Bd3 Bxd3 10. Qxd3 Nd7 11. Bf4 Qa5+ 12. Bd2 Bb4 13. c3 Be7 14. O-O Ngf6
15. c4 Qb6 16. Rfe1 O-O 17. b4 Rfd8 18. Qe2 Qc7 19. Ne5 a6 20. Nxf7 Rf8 21. Ne5
Rfe8 22. Nxd7 Qxd7 23. Qxe6+ Qxe6 24. Rxe6 Kf7 25. Rae1 Nd7 26. Nf5 Bf8 27.
Rxe8 Rxe8 28. Rxe8 Kxe8 29. f3 Nb6 30. Ne3 Be7 31. c5 Nd5 32. Nxd5 cxd5 33. a4
Bf6 34. Be3 Kd7 35. b5 axb5 36. axb5 Kc7 37. Kf2 Kd7 38. Ke2 Bd8 39. Bf4 Ke6
40. Be5 Kf7 41. c6 1-0

[Event "Lichtenberger Sommer 2017"]
[Site "Berlin"]
[Date "2017.08.20"]
[Round "2.14"]
[White "Gebert-Vangeel, Ralf"]
[Black "Barath M"]
[Result "0-1"]
[WhiteElo "2060"]
[BlackElo "2285"]
[PlyCount "110"]
[EventDate "2017.??.??"]
[WhiteTeam "TSV Mariendorf"]
[BlackTeam "SC Zugzwang 95 (Berlin)"]

1. e4 c5 2. Nf3 d6 3. c3 Nf6 4. Be2 g6 5. O-O Bg7 6. d3 O-O 7. h3 Nc6 8. Be3 e5
9. Nh2 Qe7 10. Nd2 Be6 11. f4 exf4 12. Bxf4 Nd7 13. Ng4 d5 14. Bf3 d4 15. Rc1
Nde5 16. Nxe5 Nxe5 17. Be2 Qd7 18. c4 Rae8 19. Nf3 f6 20. a3 Bxh3 21. gxh3 Qxh3
22. Qe1 Bh6 23. Bxh6 Qxh6 24. Nxe5 Rxe5 25. Bf3 f5 26. Rc2 f4 27. Rg2 Qh3 28.
Kf2 Qh4+ 29. Ke2 Qf6 30. Rh1 h5 31. Qh4 Kf7 32. Qh3 Ke7 33. Rhg1 Rg8 34. Kd2 a6
35. Rb1 a5 36. b3 Qb6 37. Qh4+ Qf6 38. Qh3 Ra8 39. Ra1 Rg8 40. Rb1 Ra8 41. Kc2
Rh8 42. Rbg1 g5 43. Rh2 a4 44. Rb1 Qc6 45. Qg2 g4 46. Rg1 axb3+ 47. Kxb3 Ra8
48. Kb2 Qa6 49. Ra1 Qa5 50. Bd1 Qc3+ 51. Kb1 Qxd3+ 52. Qc2 Qf1 53. Rf2 Qe1 54.
Rxf4 Re6 55. Ka2 Rxa3+ 0-1

[Event "Lichtenberger Sommer 2017"]
[Site "Berlin"]
[Date "2017.08.20"]
[Round "2.15"]
[White "Deutschbein, Christopher"]
[Black "Brustkern, Jürgen"]
[Result "0-1"]
[WhiteElo "2019"]
[BlackElo "2255"]
[PlyCount "88"]
[EventDate "2017.??.??"]
[WhiteTeam "Eckernförder SC"]
[BlackTeam "SC Zugzwang 95 (Berlin)"]

1. e4 c5 2. Nf3 e6 3. d3 d5 4. Qe2 Nc6 5. g3 Nge7 6. Bg2 h6 7. c4 d4 8. e5 Qc7
9. O-O g5 10. h4 g4 11. Nh2 h5 12. f4 Nf5 13. Qf2 Rg8 14. a3 Be7 15. Qe1 Na5
16. Bd2 Nb3 17. Ra2 Bd7 18. Be4 O-O-O 19. Bxf5 exf5 20. a4 Bc6 21. Qd1 Nxd2 22.
Qxd2 b6 23. Re1 Bb7 24. Nf1 Bxh4 25. gxh4 g3 26. b3 Qe7 27. Re2 Qxh4 28. Rg2
Rg6 29. a5 Rdg8 30. a6 Bc6 31. Na3 Rg4 32. Nb5 Kb8 33. e6 fxe6 34. Qe1 Qf6 35.
Rae2 R8g6 36. b4 h4 37. bxc5 h3 38. cxb6 hxg2 39. bxa7+ Kc8 40. Nxg3 Qh4 41.
Nd6+ Kd7 42. Nde4 Rxg3 43. Nc5+ Kc8 44. a8=Q+ Bxa8 0-1

[Event "Lichtenberger Sommer 2017"]
[Site "Berlin"]
[Date "2017.08.20"]
[Round "2.16"]
[White "Sieglen, Joachim"]
[Black "Acikel, Mert"]
[Result "1/2-1/2"]
[WhiteElo "2228"]
[BlackElo "1914"]
[PlyCount "98"]
[EventDate "2017.??.??"]
[WhiteTeam "SC Untergrombach"]
[BlackTeam "SK König Tegel"]

1. d4 d5 2. c4 e6 3. Nf3 Nf6 4. g3 Be7 5. Bg2 c6 6. O-O O-O 7. Qc2 Nbd7 8. b3
b6 9. Rd1 Ba6 10. Nbd2 c5 11. e4 dxc4 12. bxc4 cxd4 13. e5 Ng4 14. Qe4 h5 15.
h3 Nc5 16. Qxd4 Nxe5 17. Qxe5 Bf6 18. Qxh5 g6 19. Qg4 Bxa1 20. Ng5 Qf6 21. Bxa8
Rxa8 22. Nb3 Nxb3 23. axb3 Rd8 24. Be3 Bb7 25. Kh2 Rxd1 26. Qxd1 Bb2 27. Qd7
Bc1 28. Qxb7 Bxe3 29. Qxf7+ Qxf7 30. Nxf7 Bxf2 31. Nd8 b5 32. cxb5 e5 33. Kg2
Bb6 34. Ne6 Kf7 35. Ng5+ Kf6 36. Ne4+ Ke6 37. Kf3 Kd5 38. h4 Kd4 39. g4 Kd3 40.
h5 gxh5 41. gxh5 Be3 42. Nf2+ Bxf2 43. Kxf2 Kd2 44. h6 e4 45. h7 e3+ 46. Kf3 e2
47. h8=Q e1=Q 48. Qd4+ Kc2 49. Qxa7 Qd1+ 1/2-1/2

[Event "Lichtenberger Sommer 2017"]
[Site "Berlin"]
[Date "2017.08.20"]
[Round "2.17"]
[White "Di Candia, Roberto"]
[Black "Postler, Reinhard"]
[Result "0-1"]
[WhiteElo "1918"]
[BlackElo "2250"]
[PlyCount "40"]
[EventDate "2017.??.??"]
[WhiteTeam "SF 1903 Berlin"]
[BlackTeam "TSG Oberschöneweide"]

1. c4 Nf6 2. g3 e5 3. Nc3 Bb4 4. Nd5 Nxd5 5. cxd5 O-O 6. Bg2 d6 7. a3 Bc5 8. b4
Bd4 9. Ra2 Nd7 10. Nf3 Bb6 11. d4 exd4 12. Bg5 Nf6 13. Nxd4 h6 14. Bc1 Re8 15.
h3 Ne4 16. Bb2 Qg5 17. Qa4 Bd7 18. b5 Nc3 19. Bxc3 Qc1+ 20. Qd1 Qxc3+ 0-1

[Event "Lichtenberger Sommer 2017"]
[Site "Berlin"]
[Date "2017.08.20"]
[Round "2.18"]
[White "Ros Alonso, Jaume"]
[Black "Badestein, Hartmut"]
[Result "1-0"]
[WhiteElo "2119"]
[BlackElo "2046"]
[PlyCount "85"]
[EventDate "2017.??.??"]
[WhiteTeam "Sant Boi de Llobregat"]
[BlackTeam "SC Friesen Lichtenberg"]

1. e4 c6 2. d4 d5 3. Nc3 dxe4 4. Nxe4 Nf6 5. Nxf6+ exf6 6. c3 Bd6 7. Bd3 O-O 8.
Qc2 Re8+ 9. Ne2 h6 10. O-O Qc7 11. h3 Nd7 12. Re1 Nf8 13. a4 a5 14. b3 Ne6 15.
Bd2 Bd7 16. c4 c5 17. d5 Nd4 18. Nxd4 cxd4 19. Be4 b6 20. Qd3 Rad8 21. Rad1 Bc5
22. Qf3 Bd6 23. Bxh6 gxh6 24. Qxf6 Be5 25. Qxh6 Bg7 26. Qh4 Qd6 27. f4 f5 28.
Bd3 Qf6 29. Qh5 Re3 30. g4 fxg4 31. Rxe3 dxe3 32. hxg4 Re8 33. g5 e2 34. gxf6
exd1=Q+ 35. Qxd1 Bxf6 36. Bg6 Re3 37. f5 Re4 38. Qf3 Rd4 39. Kg2 Kg7 40. Qe2
Kf8 41. Qe3 Kg7 42. Qg3 Kf8 43. Qd6+ 1-0

[Event "Lichtenberger Sommer 2017"]
[Site "Berlin"]
[Date "2017.08.20"]
[Round "2.19"]
[White "Kohler, Thomas"]
[Black "Fuchs, Dominik"]
[Result "1/2-1/2"]
[WhiteElo "2154"]
[BlackElo "1865"]
[PlyCount "55"]
[EventDate "2017.??.??"]
[WhiteTeam "SC Zitadelle Spandau"]
[BlackTeam "SC Zitadelle Spandau"]

1. c4 e5 2. g3 Nf6 3. Bg2 Nc6 4. Nc3 Bb4 5. Nd5 O-O 6. e3 d6 7. Ne2 Nxd5 8.
cxd5 Ne7 9. O-O f5 10. d3 g5 11. f4 Ng6 12. d4 gxf4 13. exf4 e4 14. Qa4 c5 15.
dxc6 Ba5 16. Qb3+ Rf7 17. cxb7 Bxb7 18. Be3 Ba6 19. Rf2 Rb8 20. Qa3 Ne7 21. Nc3
Nc6 22. Bf1 Bxf1 23. Raxf1 Nb4 24. Rd2 Rfb7 25. Rg2 Nd3 26. Nd1 Rc8 27. Re2
Rbc7 28. b3 1/2-1/2

[Event "Lichtenberger Sommer 2017"]
[Site "Berlin"]
[Date "2017.08.20"]
[Round "2.20"]
[White "Kievelitz, Bernd"]
[Black "Pluska, Alexander"]
[Result "0-1"]
[WhiteElo "1889"]
[BlackElo "2205"]
[PlyCount "56"]
[EventDate "2017.??.??"]
[WhiteTeam "SC Zitadelle Spandau"]
[BlackTeam "SK Doppelbauer Kiel"]

1. Nf3 Nf6 2. c4 e6 3. Nc3 c5 4. a3 Nc6 5. d4 cxd4 6. Nxd4 Be7 7. e3 O-O 8. Be2
a6 9. O-O Qc7 10. Nxc6 dxc6 11. b4 e5 12. Bb2 Bf5 13. c5 Be6 14. Qc2 a5 15. h3
Rfd8 16. Rfd1 Nd5 17. Nxd5 cxd5 18. Rd2 f6 19. Rad1 axb4 20. axb4 b6 21. cxb6
Qxb6 22. b5 Bb4 23. Rxd5 Bxd5 24. Rxd5 Rxd5 25. Qb3 Rad8 26. e4 Be1 27. Bc4
Qxf2+ 28. Kh2 Bd2 0-1

[Event "Lichtenberger Sommer 2017"]
[Site "Berlin"]
[Date "2017.08.20"]
[Round "2.21"]
[White "Piotrowski, Christopher"]
[Black "Lichii, Elizaveta"]
[Result "1-0"]
[WhiteElo "2117"]
[BlackElo "1862"]
[PlyCount "103"]
[EventDate "2017.??.??"]
[WhiteTeam "SK König Tegel"]
[BlackTeam "vereinslos"]

1. c4 Nf6 2. g3 c5 3. Bg2 Nc6 4. Nc3 g6 5. Nf3 Bg7 6. d4 cxd4 7. Nxd4 O-O 8.
O-O Nxd4 9. Qxd4 d6 10. b3 Nd7 11. Qe3 Ne5 12. Bd2 Nc6 13. Rad1 Bd7 14. Ne4 Qc8
15. Bc3 Bxc3 16. Nxc3 Bh3 17. Qh6 Bxg2 18. Kxg2 Qe6 19. Nd5 Qe5 20. Rd3 Qg7 21.
Qh4 g5 22. Qh3 e6 23. Ne3 Rad8 24. Rfd1 Nb4 25. R3d2 f5 26. a3 Nc6 27. Rxd6
Rxd6 28. Rxd6 Qe7 29. c5 Ne5 30. Qh6 Ng6 31. Nc4 Rc8 32. b4 b6 33. c6 Rc7 34.
b5 g4 35. Qd2 Kf7 36. Rd7 Rxd7 37. cxd7 Qd8 38. Qd6 Kf6 39. Qd4+ Kf7 40. Qd6
Kf6 41. f4 Kf7 42. Kf2 Kf6 43. Ke3 h5 44. Kd4 Kf7 45. e4 fxe4 46. Kxe4 Qa8+ 47.
Qc6 Qxc6+ 48. bxc6 Ke7 49. f5 exf5+ 50. Kxf5 Nf8 51. Ne5 Ne6 52. d8=Q+ 1-0

[Event "Lichtenberger Sommer 2017"]
[Site "Berlin"]
[Date "2017.08.20"]
[Round "2.22"]
[White "Simon, Ralf-Axel"]
[Black "Willich, Manfred"]
[Result "1-0"]
[WhiteElo "2184"]
[BlackElo "1961"]
[PlyCount "83"]
[EventDate "2017.??.??"]
[WhiteTeam "TSG Neuruppin"]
[BlackTeam "SK Turm Bad Hersfeld"]

1. Nf3 d5 2. e3 c6 3. c4 Nf6 4. Nc3 g6 5. d4 Bg7 6. Be2 O-O 7. O-O Nbd7 8. cxd5
cxd5 9. Qb3 e6 10. Bd2 Qb6 11. Qa3 Re8 12. Na4 Qd8 13. Rac1 Ne4 14. Bb4 e5 15.
Nc3 Nxc3 16. Qxc3 exd4 17. Nxd4 Qh4 18. Qd2 Nf6 19. Nf3 Qh6 20. Bb5 Re4 21. Bd6
Rg4 22. Bg3 Be6 23. Rc2 Ne4 24. Qd1 a6 25. Be2 Nxg3 26. hxg3 Rb4 27. Qd2 Rc4
28. Bxc4 dxc4 29. Rd1 Bf6 30. Qb4 b5 31. a4 Qh5 32. Rcd2 Bg4 33. Rd5 g5 34.
axb5 axb5 35. Rxb5 Bxf3 36. Rb8+ Kg7 37. Qf8+ Kg6 38. Qg8+ Kf5 39. Qc8+ Kg6 40.
Qg8+ Kf5 41. gxf3 Rxb8 42. g4+ 1-0

[Event "Lichtenberger Sommer 2017"]
[Site "Berlin"]
[Date "2017.08.20"]
[Round "2.23"]
[White "Jecht, Christian"]
[Black "Syre, Christian"]
[Result "0-1"]
[WhiteElo "1903"]
[BlackElo "2208"]
[PlyCount "60"]
[EventDate "2017.??.??"]
[WhiteTeam "SC Bavaria Regensb."]
[BlackTeam "TSG Oberschöneweide"]

1. e4 d6 2. d4 g6 3. Nc3 Bg7 4. f4 a6 5. Nf3 b5 6. Bd3 Nd7 7. e5 c5 8. Be4 Rb8
9. Be3 b4 10. Na4 Qa5 11. c3 bxc3 12. bxc3 Nh6 13. O-O O-O 14. Rb1 Rxb1 15.
Bxb1 cxd4 16. cxd4 Bb7 17. Bd2 Qd8 18. Qb3 Qa8 19. Bd3 Rb8 20. Qd1 Qa7 21. Be3
Ng4 22. Qe2 Bxf3 23. Rxf3 Rb4 24. Bc2 Nxe3 25. Qxe3 Qxd4 26. Qxd4 Rxd4 27. exd6
exd6 28. g3 Rd2 29. Bb3 Bd4+ 30. Kh1 Nf6 0-1

[Event "Lichtenberger Sommer 2017"]
[Site "Berlin"]
[Date "2017.08.20"]
[Round "2.24"]
[White "Lange, Cecilia"]
[Black "Gaerths, Ronny"]
[Result "1/2-1/2"]
[WhiteElo "1886"]
[BlackElo "2182"]
[PlyCount "115"]
[EventDate "2017.??.??"]
[WhiteTeam "TSG Oberschöneweide"]
[BlackTeam "SG TT/Wiheil"]

1. e4 g6 2. d4 Bg7 3. Nf3 d6 4. Nc3 Nf6 5. Bc4 c6 6. a4 O-O 7. O-O d5 8. exd5
cxd5 9. Bd3 Nc6 10. Re1 Nb4 11. Ne2 Nxd3 12. Qxd3 Bf5 13. Qd1 Ne4 14. Bf4 Qb6
15. Qc1 Bg4 16. Ne5 Bxe5 17. Bxe5 Bxe2 18. Rxe2 f6 19. Bf4 Qxd4 20. Be3 Qc4 21.
Qd1 Rfd8 22. f3 Nd6 23. Ra3 Nf5 24. Bf2 e5 25. Rd2 d4 26. Rdd3 Rd7 27. c3 Rad8
28. g4 Ng7 29. cxd4 exd4 30. Rac3 dxc3 31. Rxd7 Rxd7 32. Qxd7 c2 33. Qd8+ Kf7
34. Qd7+ Kf8 35. Qd6+ Ke8 36. Qb8+ Kd7 37. Qxb7+ Ke6 38. Be3 c1=Q+ 39. Bxc1
Qxc1+ 40. Kf2 Qd2+ 41. Kg3 Qd6+ 42. Kh3 Qe7 43. Qb3+ Kd7 44. Qb5+ Kc8 45. Qc4+
Kd8 46. Qc6 Ne6 47. Qa8+ Kd7 48. Qxa7+ Nc7 49. Qd4+ Ke8 50. b4 Qe5 51. Qc4 Kd7
52. b5 Nd5 53. a5 Nf4+ 54. Kg3 Ne2+ 55. Kg2 Nf4+ 56. Kg3 Ne2+ 57. Kg2 Nf4+ 58.
Kg3 1/2-1/2

[Event "Lichtenberger Sommer 2017"]
[Site "Berlin"]
[Date "2017.08.20"]
[Round "2.25"]
[White "Slepuschkin, Shenis"]
[Black "Oginski, Ulrich"]
[Result "1-0"]
[WhiteElo "2169"]
[BlackElo "1882"]
[PlyCount "133"]
[EventDate "2017.??.??"]
[WhiteTeam "SG NARVA Berlin"]
[BlackTeam "SC Weisse Dame (Berlin)"]

1. b3 e5 2. e3 d5 3. Bb2 Bd6 4. a4 Nf6 5. Nf3 Qe7 6. h3 O-O 7. d4 Nc6 8. dxe5
Nxe5 9. Be2 Nxf3+ 10. Bxf3 c6 11. Nd2 Bf5 12. O-O Ne4 13. Nxe4 Bxe4 14. Bxe4
Qxe4 15. Qd3 Qxd3 16. cxd3 Rfe8 17. Ba3 Bxa3 18. Rxa3 a5 19. Rc1 Rac8 20. Ra2
Re7 21. Rac2 Kf8 22. Rc5 Ra8 23. Kf1 Ra6 24. Ke2 Rb6 25. Rxa5 Rxb3 26. Ra8+ Re8
27. Rxe8+ Kxe8 28. d4 Kd7 29. Ra1 Kc7 30. a5 Kb8 31. a6 bxa6 32. Rxa6 Kb7 33.
Ra2 f5 34. h4 g6 35. Kf3 Rc3 36. Kf4 c5 37. dxc5 Rxc5 38. Ke5 Kc6 39. h5 gxh5
40. Kxf5 d4+ 41. Ke4 dxe3 42. Kxe3 h4 43. Ra6+ Kd5 44. Rh6 Rc3+ 45. Kf4 Rc2 46.
Kf3 Rc3+ 47. Kg4 Rc2 48. Rf6 Ke5 49. Rf5+ Ke6 50. Rf3 Rc4+ 51. Rf4 Rc8 52. Kxh4
Rg8 53. g4 Ra8 54. Kg5 Ra1 55. Rf6+ Ke5 56. Rf7 Rh1 57. Re7+ Kd4 58. f4 Kd5 59.
f5 Kd6 60. Re2 h6+ 61. Kg6 Rg1 62. Re4 Kd5 63. Ra4 Rh1 64. f6 h5 65. f7 Rf1 66.
Kg7 hxg4 67. Rxg4 1-0